000 00336nam a2200109Ia 4500
008 171211s9999 xx 000 0 und d
245 _aAmerican Dialects: A Manual for Actors, Directors, and Writers, 2nd Edition
245 _cLewis Herman
260 _c1997
650 _xCULTURE
856 _uhttp://down.ebook777.com/063/087830049X.pdf
999 _c347787
_d347787